01156cam a22003015a 450000500170000000800410001702000160005802000180007404000180009208200200011010000270013024500620015725000120021926000540023130000270028549000480031250000240036050400420038459000170042665000460044365100100048965300230049965000410052294200120056399900170057595201450059295201170073720171024114808.0110315r20051996enka|||frb||| 001 0deng d a 0719059542 a9780719059544 bengcEG-ScBUE04a341.2 bWHI2221 aWhite, Nigel D.92258714aThe law of international organisations /cNigel D. White. a2nd ed. aManchester :bManchester University Press,c2005. axii, 242 p. ; c24 cm.0 aMelland Schill studies in international law aIndex : p. 234-242. aIncludes bibliographical references . adoaa mohamed 911157aInternational organization.2BUEsh 2BUEsh bBUSBOLcAugust2015 910516aInternational agencies2BUEsh 2ddccBB c15014d15014 00102ddc40708BaccahaMAINbMAINc1STd2011-03-15epurchasel7m19o341.2 WHIp000022969q2024-03-27r2024-02-26 00:00:00s2024-02-26yBB 00102ddc40708BaccahaMAINbMAINc1STd2011-03-15epurchasel0o341.2 WHIp000022884r2026-02-10 00:00:00yNB